000 00907nam a2200253Ia 4500
003 OSt
005 20220923211822.0
006 a|||||r|||| 00| 0
007 ta
008 220922b |||||||| |||| 00| 0 hin d
024 _a58,761
037 _cTextual
040 _aARTS
_cARTS
_bhin
041 _2hin
_ahin
082 _aQ127,25:g, 152M6
100 _aशास्त्री, शिवनारायण, व्याख्
_9159728
245 0 _aईशोपनिषद् भाष्य कुसुमा×जली
246 _aĪshopaniṣhad bhāṣhya kusumā×jalī
260 _aदिल्ली
_b परिमल पब्लिकेशन्स
_c1986
300 _a116पृ.
_ccm.
650 _aधर्म
942 _hQ127,25:g, 152M6
_cTEXL
_2CC
999 _c303954
_d303954